العمل وقضايا الصناعة في الإسلام / (رقم التسجيلة. 81037)

تفاصيل مارك
000 -الفاتح
عناصر البيانات ثابتة الطول 00948cam a2200241 i 4500
005 - تاريخ ووقت آخر معاملة
حقل ضبط 20251217102658.0
008 - عناصر البيانات ثابتة الطول
عناصر البيانات ثابتة الطول 250721s9999 ua gr 000 0 ara d
082 14 - رقم تصنيف ديوي العشري
رقم التصنيف 216.923
رقم المادة ع و ض
100 1# - مدخل رئيسي – اسم شخصي
الاسم الشخصي عوض، السيد حنفي
علاقة الشخص بالعمل/ دوره مؤلف.
245 12 - بيان العنوان
العنوان العمل وقضايا الصناعة في الإسلام /
بيان المسؤولية دكتور السيد حنفى عوض.
250 ## - بيان الطبعة
بيان الطبعة طبعة مزيدة ومنقحة.
264 31 - بيانات النشر، التوزيع…إلخ
مكان النشر، التوزيع...إلخ الإسكندرية :
اسم الناشر، الموزع...إلخ المكتب العلمي للكمبيوتر،
تاريخ النشر، التوزيع...إلخ 1996.
300 ## - الوصف المادي
عدد الوحدات المكونة للوعاء 157 صفحة.
490 0# - بيان السلسلة
عنوان السلسلة سلسلة علم الإجتماع العمل الصناعي ؛
رقم الوعاء في السلسلة رقم 1.
650 17 - مدخل إضافي بالموضوع - مصطلح موضوعي
مصطلح موضوعي أو اسم جغرافي كعنصر مدخل العمل والعمال.
650 17 - مدخل إضافي بالموضوع - مصطلح موضوعي
مصطلح موضوعي أو اسم جغرافي كعنصر مدخل الصناعة.
650 17 - مدخل إضافي بالموضوع - مصطلح موضوعي
مصطلح موضوعي أو اسم جغرافي كعنصر مدخل دستور العمل.
650 17 - مدخل إضافي بالموضوع - مصطلح موضوعي
مصطلح موضوعي أو اسم جغرافي كعنصر مدخل إقتصاد العمل.
650 17 - مدخل إضافي بالموضوع - مصطلح موضوعي
مصطلح موضوعي أو اسم جغرافي كعنصر مدخل الإسلام.
830 #0 - مدخل إضافي بالسلسلة-عنوان مقنن
عنوان السلسسلة سلسلة علم الإجتماع العمل الصناعي.
942 ## - بيانات إضافية (كوها)
نوع التنصيف Dewey Decimal Classification
نوع المادة (كوها) كتب
المقتنيات
حالة السحب حالة الفقدان مصدر التصنيف حالة التلف غير قابل للإعارة المكتبة الرئيسية المكتبة الحالية موقع الرف تاريخ التزويد الرقم المتسلسل Total Checkouts رقم الإستدعاء الباركود تاريخ آخر ظهور تاريخ الفاتورة نوع المادة (كوها)
    Dewey Decimal Classification     المكتبة المركزية المكتبة المركزية الإعارة 28/07/2025 1454061   216.923 ع و ض PLD00173938 28/07/2025 28/07/2025 كتب
Implemented & Customized by: BBB with SCIT (Smart Chains for Information Technology)

Powered by Koha